Generator Dash #29 - Statistics

General Stats
  • This quiz has been taken 107 times
  • The average score is 6 of 11
Answer Stats
Hint Answer % Correct
Hollow cylinder (4) Tube
78%
European capital (6) Berlin
75%
Less sharp (7) Blunter
72%
Native group (5) Tribe
62%
Counterargue (5) Rebut
53%
Italian river (5) Tiber
52%
Rotary engine (7) Turbine
47%
Asian capital (6) Beirut
44%
Whodunit suspect (6) Butler
30%
9-Letter Word BLUEPRINT
28%
Remove girdle (6) Unbelt
26%
No matching quizzes found
Score Distribution
Percent of People with Each Score
Percentile by Number Answered
Your Score History
You have not taken this quiz